000 00585nam a2200217Ia 4500
005 20250425160735.0
008 250425s9999 xx 000 0 und d
020 _a8480190434
041 _aspa
082 _a796.4206
100 _aIBAÑEZ RIESTRA, ASCENSION
245 0 _aTRATADO DE LA ACTIVIDAD FÍSICA: LA FLEXIBILIDAD (1004 EJERCICIOS Y JUEGOS)
250 _a1A ED.
260 _aBARCELONA
260 _aEspaña
_bPAIDOTRIBO
_c1950
300 _a490
650 _aACTIVIDAD FISICA
650 _aASPECTOS ESTRUCTURALES Y METODOLOGICOS
942 _c01
010 _a4048
999 _c195221
_d195221